000 00992cam a2200277 a 4500
999 _c704
_d704
003 OSt
005 20200605120142.0
008 870520t19811972dcu b 001 0 eng
010 _a
020 _a9789966251138
040 _aKABLIB
_cKABLIB
_dKABLIB
082 _223
_a330.96
_bROD
100 1 _aRodney, Walter.
_92281
245 1 0 _aHow Europe Underdeveloped Africa /
_cWalter Rodney with a postscript by A.M. Babu, introduction by Vicent Harding.
250 _aRev. ed.
260 _aNairobi, kampala, Dar es Salaam, Kigali, Lilongwe, Lusaka :
_bE.A.E.P.;
_cc1972.
300 _axxiv, 292 p. ;
_c23 cm.
500 _aIncludes index.
504 _aIncludes bibliographies.
651 0 _aAfrica
_xEconomic conditions.
_92282
651 0 _aAfrica
_xColonial influence.
_92283
651 0 _aEurope
_xForeign economic relations
_zAfrica.
_92284
651 0 _aAfrica
_xForeign economic relations
_zEurope.
_92285
651 0 _aEurope
_xColonies
_zAfrica
_xEconomic policy.
_92286
942 _2ddc
_cBOOK